Normal view
MARC view
Entry Topical Term
001 - CONTROL NUMBER
- control field: 1432014
003 - CONTROL NUMBER IDENTIFIER
- control field: NLI
005 - DATE AND TIME OF LATEST TRANSACTION
- control field: 20230217074926.0
008 - FIXED-LENGTH DATA ELEMENTS
- fixed length control field: 230217|| aca||aabn | a|a d
040 ## - CATALOGING SOURCE
- Original cataloging agency: NLI
- Transcribing agency: NLI
150 ## - HEADING--TOPICAL TERM
- Topical term or geographic name entry element: Pollution
- General subdivision: Law and legislation
- Geographic subdivision: India
670 ## - SOURCE DATA FOUND
- Source citation: Work cat.: (NLI)1562247: Doabia, T.S. 482260, Environmental & pollution laws in India/, 2023.
